000 004970000a22001930004500
999 _c47572
_d47572
001 327
003 CO-MdFUSB
005 20180406133609.0
008 180406b xxu||||| |||| 00| 0 eng d
020 _a84-372-4524-9
040 _cCO-MdBIC
082 0 4 _a036 B47a
100 1 _aBiesty, Stephen
245 1 0 _aEl Asombroso libro DEL INTERIOR DE LAS COSAS / Stephen Biestyy
260 _a[s.l.] Altea
300 _a47 P.
505 0 0 _aAsi son por dentro 18 edificios y máquinas
942 _cLGB